| 000 | 01455cad a22002415a 4500 | ||
|---|---|---|---|
| 001 | L143619 | ||
| 008 | 080521e20080520xxk f 000 0 eng d | ||
| 035 | _a(Sirsi) u143619 | ||
| 041 | 0 | _aeng | |
| 050 | 0 | 4 | _a306.1 |
| 110 | 2 |
_aCampaign to Protect Rural England _94718 |
|
| 245 | 0 | 4 |
_aThe proximity principle _bwhy we are living too far apart _h[electronic resource] |
| 260 |
_aLondon _bCPRE _c2008 |
||
| 505 | 2 | _aA century of dispersal -- What do people want? -- Proximity and connectivity -- Travel - how far, how fast and how? -- Ideal homes and eco-towns -- Existing settlements - city clickers and rural realities -- Where do we go from here? | |
| 520 | _aPromotes the idea of population density as a method of reducing urban sprawl, protecting the countryside and reducing carbon emissions. Argues that while there have been successes in increasing population density in urban areas, rural zones have seen the population moving further apart. Research based on household interviews suggests that in rural areas, this government housing policy is failing to promote cohesive communities. | ||
| 521 | 2 | _aAdvanced | |
| 590 | _aKA NTK | ||
| 651 | 4 |
_aUnited Kingdom _y |
|
| 690 | _aPROPERTY-PROPERTY DEVELOPMENT-STRATEGIC PROPERTY DEVELOPMENT | ||
| 690 | _aPROPERTY-RESIDENTIAL PROPERTY-DOMESTIC RESIDENTIAL PROPERTY-HOUSING | ||
| 856 | 4 | 0 |
_uhttps://www.cpre.org.uk/news/view/496 _zView the item free of charge at www.cpre.org.uk... |
| 942 | _n0 | ||
| 999 |
_c108231 _d108231 |
||